Человек-оркестр: микроструктура общения

Bibliographic Details
Main Author: Кроль Л. М. Леонид Маркович
Other Authors: Михайлова Е. Л. Екатерина Львовна
Summary:Существует по меньшей мере одна область, где "профессионалом" является каждый, - это сфера общения. Книга рассчитана на читателя, который, даже не обладая специальными знаниями, хотел бы повысить свое "профессиональное мастерство", новыми глазами посмотреть и на собственное общение, и на окружающих со всей неповторимостью их облика, привычек, особенностей. Важное место занимает в книге психологический анализ тех "мелочей", которые и составляют индивидуальный коммуникативный почерк: голоса, мимики, взгляда, позы, походки, манеры слушать и притворяться слушающим и даже манеры садиться и вставать. Отсюда множество конкретных примеров-наблюдений, позволяющих рассмотреть ежедневное общение как бы под лупой, найти интересное в обыденном и творческое в простом. Описание некоторых классических экспериментов и фрагментов разработанного авторами микроструктурного тренинга общения служат той же цели.
Language:Russian
Published: Москва, Класс, 1993
Series:Библиотека практической психологии и психотерапии
Subjects:
Format: Book
KOHA link:https://koha.lib.tpu.ru/cgi-bin/koha/opac-detail.pl?biblionumber=20745

MARC

LEADER 00000nam0a2200000 4500
001 20745
005 20231101205356.0
010 |a 5863750022 
035 |a (RuTPU)RU\TPU\book\20935 
035 |a BOOK00021005 
090 |a 20745 
100 |a 20011209d1993 m y0rusy50 ca 
101 0 |a rus 
102 |a RU 
105 |a y z 001zy 
200 1 |a Человек-оркестр: микроструктура общения  |f Л. М. Кроль, Е. Л. Михайлова 
210 |a Москва  |c Класс  |d 1993 
215 |a 154 с. 
225 1 |a Библиотека практической психологии и психотерапии 
320 |a Библиогр.: с.152-153. 
330 |a Существует по меньшей мере одна область, где "профессионалом" является каждый, - это сфера общения. Книга рассчитана на читателя, который, даже не обладая специальными знаниями, хотел бы повысить свое "профессиональное мастерство", новыми глазами посмотреть и на собственное общение, и на окружающих со всей неповторимостью их облика, привычек, особенностей. Важное место занимает в книге психологический анализ тех "мелочей", которые и составляют индивидуальный коммуникативный почерк: голоса, мимики, взгляда, позы, походки, манеры слушать и притворяться слушающим и даже манеры садиться и вставать. Отсюда множество конкретных примеров-наблюдений, позволяющих рассмотреть ежедневное общение как бы под лупой, найти интересное в обыденном и творческое в простом. Описание некоторых классических экспериментов и фрагментов разработанного авторами микроструктурного тренинга общения служат той же цели. 
606 |a Общение  |x Психология  |2 stltpush  |3 (RuTPU)RU\TPU\subj\46642  |9 65759 
610 1 |a психология 
610 1 |a личность 
610 1 |a социальная психология 
686 |a Ю953  |v LBC/SL-A  |2 rubbk 
700 1 |a Кроль  |b Л. М.  |g Леонид Маркович 
701 1 |a Михайлова  |b Е. Л.  |g Екатерина Львовна 
801 0 |a RU  |b 63413507  |c 20011209  |g PSBO 
801 2 |a RU  |b 63413507  |c 20180614  |g PSBO 
900 |a Психология 
942 |c BK